[Event "Lotto POL-ch 2018"]
[Site "Warsaw"]
[Date "2018.05.17"]
[Round "6"]
[White "Krasenkow, Michal"]
[Black "Mista, Aleksander"]
[Result "1/2-1/2"]
[WhiteElo "2628"]
[BlackElo "2590"]
[Annotator "TA"]
[PlyCount "101"]
[EventDate "2018.??.??"]
[EventType "tourn"]
[EventCountry "POL"]
[SourceTitle "playchess.com"]
[Source "ChessBase"]
[SourceQuality "1"]

{[%evp 11,101,0,0,6,6,13,9,9,6,6,7,14,25,3,8,-22,-23,-23,-18,-26,-16,-27,0,-6,8,-23,-23,-23,-23,-23,-23,-23,-23,-22,-23,-19,10,9,30,29,24,0,38,27,35,8,5,0,0,0,0,6,11,18,16,8,18,18,18,18,18,0,0,0,18,18,18,8,18,18,18,18,18,18,18,18,19,0,0,0,0,0,0,0,0,0,0,0,0,0,0,0]} 1. Nf3 c5 2. c4 Nc6 3. d4 cxd4 4. Nxd4 Nf6 5. Nc3 e6 6. a3 Bc5 7. Nb3 {A33: Symmetrical English: 2 Nf3 Nf6 3 d4 cxd4 4 Nxd4 e6 5 Nc3 Nc6} Bb6 8. e4 (8. c5 Bc7 9. g3 O-O 10. Bg2 b6 11. O-O Be5 12. a4 bxc5 13. Nxc5 d5 14. e4 Rb8 15. exd5 Nxd5 16. Nxd5 exd5 17. Qxd5 Qxd5 18. Bxd5 {½-½ (27) Matlakov,M (2718)-Svidler,P (2768) Wijk aan Zee 2018}) 8... O-O 9. Be2 d6 10. O-O e5 $146 ({Predecessor:} 10... h6 11. Qd3 e5 12. Be3 Be6 13. Rfd1 Rc8 14. Nd5 Bxe3 15. Qxe3 {0-1 (74) Edouard,R (2622)-Mista,A (2599) Warsaw 2017}) 11. Qd3 Be6 12. Bg5 h6 13. Bxf6 Qxf6 14. Rac1 Rac8 15. Rc2 Qg6 16. Nd5 Bxd5 17. cxd5 Ne7 18. Rfc1 Rxc2 19. Rxc2 f5 20. Bf3 fxe4 21. Bxe4 Qf7 {[%cal Rb6f2]} 22. Qf3 Qxf3 23. Bxf3 Rf4 24. Nd2 Rd4 25. Kf1 Kf8 ({Much worse is} 25... Nxd5 26. Nb3 $16) 26. Ke1 Ba5 27. b4 Bb6 28. Nc4 e4 {The position is equal.} 29. Be2 Nxd5 30. Nxb6 axb6 $11 {[%mdl 4096] Endgame KRB-KRN} 31. Rc8+ Ke7 32. Rb8 Kf6 33. Rxb7 g6 34. g3 h5 35. h4 Ke5 36. Rg7 Kf6 37. Rb7 Ke5 38. Rb8 Kf6 39. Rc8 Ne7 40. Rc7 Nd5 41. Rc4 Ke5 42. Rc6 Ke6 43. Bc4 Kd7 $1 {[%cal Rd7c6]} 44. Bxd5 {KRB-KR} b5 45. Ra6 Rxd5 {KR-KR} 46. a4 Ke6 47. Ke2 bxa4 48. Rxa4 Rd4 49. Ra5 Rxb4 50. Rg5 $1 Kf6 51. Ke3 {Precision: White = 65%, Black = 73%.} 1/2-1/2

[Event "Lotto POL-ch 2018"]
[Site "Warsaw"]
[Date "2018.05.17"]
[Round "6"]
[White "Bartel, Mateusz"]
[Black "Socko, Bartosz"]
[Result "1-0"]
[WhiteElo "2604"]
[BlackElo "2593"]
[Annotator "TA"]
[PlyCount "77"]
[EventDate "2018.??.??"]
[EventType "tourn"]
[EventCountry "POL"]
[SourceTitle "playchess.com"]
[Source "ChessBase"]
[SourceQuality "1"]

{[%evp 16,77,26,15,25,10,22,0,13,22,31,0,0,0,52,56,64,21,13,-16,104,89,98,102,75,102,89,98,109,90,96,105,94,89,142,147,140,147,191,175,273,264,272,281,312,324,381,303,429,392,517,488,657,654,2197,1841,2134,2252,29973,29974,29976,29977,29977,29978]} 1. e4 e6 2. d4 d5 3. Nc3 Nf6 4. e5 Nfd7 5. f4 c5 6. Nf3 a6 7. Ne2 {C11: French: Classical System: 4 e5 and 4 Bg5 dxe4} Nc6 8. c3 b5 9. a3 {LiveBook: 8 Games. White has an edge.} Be7 (9... c4 10. g4 h5 11. gxh5 Rxh5 12. f5 exf5 13. Nf4 Rh8 14. Qe2 Nb6 {0-1 (43) Vachier Lagrave,M (2803)-Naiditsch,A (2702) Karlsruhe/Baden-Baden 2017}) 10. Be3 O-O $146 ({Predecessor:} 10... c4 11. g3 Nb6 12. Bh3 g6 13. O-O Bd7 14. Ne1 h5 15. Nc2 {0-1 (38) Istona,M (2097)-Fenik,J (1750) Stara Lubovna 2014}) 11. Ng3 cxd4 12. cxd4 f5 13. exf6 Nxf6 14. Ne5 Nxe5 (14... Qb6 $11) 15. dxe5 $14 Ne4 16. Bd3 Bb7 17. Qg4 Qa5+ (17... Bc5 $1 $11 {remains equal.} 18. Bxc5 (18. Qxe6+ Kh8 $11) (18. Bxe4 Bxe3 19. Nh5 Qe7 $17) 18... Nxc5) 18. Ke2 $16 Kh8 19. Qxe6 Rae8 {[#] And now ...Bc5 would win.} 20. Bxe4 $1 $40 {[%mdl 128] White attacks with force.} dxe4 21. Bb6 Qa4 22. b3 Bxa3 23. bxa4 Rxe6 24. Bd4 Be7 ({Better is} 24... b4) 25. Ke3 bxa4 26. Rxa4 Rg6 27. Rb1 Bd5 (27... Ba8 $142 28. Rb6 Rxb6 29. Bxb6 Rc8 30. Nxe4 Rc6) 28. Ra5 $18 Bc4 29. Bc5 ({Weaker is} 29. Kxe4 Bb5 $16) 29... Bxc5+ 30. Rxc5 Bb5 31. Rbc1 h5 (31... Kg8 $142 32. Rc8 Bd7) 32. Rc8 Kg8 33. f5 {[%cal Bf4f5,Bf5f6,Bf6g7][%mdl 32]} Rg4 34. e6 h4 35. Nh5 Rg5 36. f6 Be8 37. e7 {White mates.} Rxh5 38. exf8=Q+ Kxf8 39. fxg7+ {Precision: White = 66%, Black = 30%.} 1-0

[Event "Lotto POL-ch 2018"]
[Site "Warsaw"]
[Date "2018.05.17"]
[Round "6"]
[White "Sadzikowski, Daniel"]
[Black "Gajewski, Grzegorz"]
[Result "1/2-1/2"]
[WhiteElo "2588"]
[BlackElo "2599"]
[Annotator "TA"]
[PlyCount "99"]
[EventDate "2018.??.??"]
[EventType "tourn"]
[EventCountry "POL"]
[SourceTitle "playchess.com"]
[Source "ChessBase"]
[SourceQuality "1"]

{[%evp 22,99,4,0,18,10,28,0,21,0,12,-10,42,0,20,0,31,23,38,48,63,56,62,43,123,124,172,146,158,130,127,131,177,141,225,168,189,143,146,143,214,163,197,186,195,50,50,50,50,50,50,50,50,50,50,50,60,60,50,50,50,50,50,0,0,0,0,0,0,0,0,0,0,0,0,0,0,0,0,0]} 1. e4 e5 2. Nf3 Nc6 3. Bb5 Nf6 4. d3 Bc5 5. Nc3 d6 6. Na4 Bb6 7. c3 O-O 8. Nxb6 axb6 9. O-O Ne7 10. Ba4 {C48: Four Knights: 4 Bb5, replies other than 4...Bb4} Ng6 11. h3 h6 12. Bc2 {LiveBook: 8 Games} c5 13. d4 Be6 {[#]} 14. b3 $146 ({Predecessor:} 14. a3 Re8 15. Be3 Qc7 16. d5 Bd7 17. Nd2 b5 18. Qf3 Nh7 19. Qg3 Qd8 20. f4 exf4 21. Rxf4 {1-0 (79) Topalov,V (2739)-Howell,D (2655) Caleta 2017}) 14... Qc7 15. d5 Bd7 16. Nh2 Qd8 (16... b5 $11) 17. Qf3 Nh7 18. Qg3 Qe8 19. Ng4 Kh8 20. Ne3 Nf4 21. Re1 b5 $1 22. c4 g6 {[#]} (22... Qd8 $14) 23. cxb5 $1 $16 Nh5 24. Qh2 Bxb5 25. Nc4 Bxc4 26. bxc4 g5 27. a4 Qd7 (27... Qd8 $16 {is a better defense.}) 28. g3 Rg8 29. Kh1 Rg6 30. Bd2 Rag8 (30... N5f6 $16 31. Reb1 Rgg8) 31. Rg1 N5f6 32. Rab1 Kg7 33. Rb6 ({Better is} 33. Kg2 $18) 33... g4 $1 $14 34. h4 {[#] aiming for Rgb1.} Ng5 $1 {[%cal Rg5f3]} 35. hxg5 hxg5 36. Rgb1 Rh6 $1 37. Qxh6+ Kxh6 38. Rxb7 Qe8 39. a5 {[%mdl 1024] White has compensation.} Kg6 40. a6 {Hoping for a7.} Rh8+ 41. Kg2 {Black must now prevent a7.} Qg8 {( -> ...Qh7)} 42. Rh1 Rxh1 $1 {The position is equal.} 43. Kxh1 Qa8 $36 {[%mdl 2048] Black fights for an advantage.} 44. Rb6 Qa7 $1 {[%cal Ra7b6]} 45. Rc6 {And now Ba5 would win.} Qb8 46. Bc3 Kg7 47. Kg2 $1 Nd7 48. Ba5 Qb2 49. a7 {Bd1 is the strong threat.} Qxc2 50. a8=Q {Precision: White = 56%, Black = 42%.} 1/2-1/2

[Event "Lotto POL-ch 2018"]
[Site "Warsaw"]
[Date "2018.05.18"]
[Round "7"]
[White "Duda, Jan-Krzysztof"]
[Black "Sadzikowski, Daniel"]
[Result "1-0"]
[WhiteElo "2724"]
[BlackElo "2588"]
[Annotator "TA"]
[PlyCount "63"]
[EventDate "2018.??.??"]
[EventType "tourn"]
[EventCountry "POL"]
[SourceTitle "playchess.com"]
[Source "ChessBase"]
[SourceQuality "1"]

{[%evp 16,63,0,13,0,-9,0,0,0,0,0,11,15,0,0,-18,-12,-7,0,0,0,0,0,0,4,2,0,18,372,82,360,346,448,426,415,447,442,433,427,425,416,404,312,257,706,702,941,933,922,914]} 1. d4 d5 2. c4 e6 3. Nc3 Bb4 4. Nf3 Nf6 5. Qa4+ Nc6 6. e3 O-O 7. Qc2 {D38: Damengambit (Ragosin-Verteidigung)} (7. a3 Bxc3+ 8. bxc3 Bd7 9. Qc2 Na5 10. cxd5 exd5 11. Bd3 Re8 12. O-O c5 13. dxc5 Rc8 14. a4 Rxc5 {1-0 (39) Yu,Y (2751)-Harikrishna,P (2744) Huaian 2017}) 7... Re8 8. a3 Bxc3+ 9. Qxc3 {LiveBook: 3 Partien. Die Stellung ist ausgeglichen.} e5 10. Nxe5 Nxe5 11. dxe5 Ne4 12. Qd4 Qh4 13. g3 Qh5 14. Be2 Bg4 15. Bxg4 Qxg4 16. O-O $146 {[%cal Be1g1,Bg1h2,Bh2h3][%mdl 2080] Schwarz muss nun f3 beachten. Weiss is fighting back} Qf3 17. cxd5 Ng5 {[%cal Rg5h3]} 18. h4 Nh3+ 19. Kh2 Nxf2 20. Qf4 Ng4+ 21. Kh3 $1 Qe2 $2 {[%mdl 8192]} (21... Qxf4 $1 $11 {und Schwarz ist OK.} 22. gxf4 (22. exf4 h5 $11) 22... h5) 22. Qxf7+ $18 Kh8 23. e6 h6 24. Qf3 Qxf3 25. Rxf3 Nf6 26. Rxf6 gxf6 {[%mdl 4096] Endspiel KTT-KTL} 27. e4 {[%cal Be3e4,Be4e5][%mdl 32]} c6 {[#]} 28. Be3 $1 ({Schwächer ist} 28. Bxh6 cxd5 29. exd5 Rad8 $16) 28... Rad8 29. Bd4 ({Nicht} 29. Bxh6 cxd5 30. exd5 Rxd5 $11) 29... Kg7 $2 (29... Rxe6 30. Rf1 (30. dxe6 Rxd4 31. Rf1 Rxe4 $18) 30... Kg8) 30. Rf1 {Weiß steht klar auf Gewinn.} Rxe6 31. dxe6 Rxd4 {[#]} 32. e5 $1 {[%mdl 512] Precision: Weiß = 98%, Schwarz = 54%.} 1-0

[Event "Lotto POL-ch 2018"]
[Site "Warsaw"]
[Date "2018.05.18"]
[Round "7"]
[White "Gajewski, Grzegorz"]
[Black "Piorun, Kacper"]
[Result "1/2-1/2"]
[WhiteElo "2599"]
[BlackElo "2633"]
[Annotator "TA"]
[PlyCount "76"]
[EventDate "2018.??.??"]
[EventType "tourn"]
[EventCountry "POL"]
[SourceTitle "playchess.com"]
[Source "ChessBase"]
[SourceQuality "1"]

{[%evp 26,76,18,11,26,0,0,0,22,8,23,9,5,8,9,4,12,0,14,0,0,0,0,0,0,0,0,0,0,0,0,0,0,0,0,0,0,0,0,0,0,0,0,0,0,0,0,0,0,0,0,0,0]} 1. Nf3 d5 2. d4 Nf6 3. c4 e6 4. Nc3 Bb4 5. Bg5 dxc4 6. e4 c5 7. Bxc4 cxd4 8. Nxd4 Qa5 9. Bd2 Qc5 {D39: Queen's Gambit Declined: Ragozin Defence with 5 Bg5 dxc4} (9... O-O 10. Nc2 Nc6 11. Nxb4 Qxb4 12. b3 Qe7 13. O-O Rd8 14. Qe1 Ne5 15. Bg5 Qc5 16. Be3 Qc7 17. Nb5 {½-½ (72) Le,Q (2726)-Lu,S (2638) Danzhou 2017}) 10. Bb5+ Bd7 11. Nb3 Qe7 12. Bd3 Nc6 13. O-O O-O 14. a3 {LiveBook: 14 Games} Bd6 15. f4 {e5 is the strong threat.} e5 16. Nd5 Nxd5 17. exd5 Nd4 {Black wants to play ...Ba4.} 18. Nxd4 $146 ({Predecessor:} 18. fxe5 Bxe5 19. Nxd4 Bxd4+ 20. Kh1 Bxb2 21. Bxh7+ {½-½ (21) Meissner,R (2206)-Lukas,N (2206) GER email 2016}) 18... exd4 {The position is equal.} 19. Qh5 {[%csl Gd3][%cal Rh5h7] [#]} f5 20. Rfe1 Qf6 21. b4 b5 22. Re2 Rfe8 23. Rae1 g6 24. Rxe8+ Rxe8 25. Rxe8+ Bxe8 26. Qe2 Qe7 27. Bxb5 Bxb5 28. Qxb5 Qe4 $1 29. g3 d3 {[#] Strongly threatening ...Bc7.} 30. Qc6 Qe2 31. Qc8+ ({Avoid the trap} 31. Qxd6 $2 Qd1+ 32. Kg2 Qxd2+ 33. Kh3 Qe2 $19) 31... Kf7 32. Qd7+ Be7 {( -> ...Qd1+)} 33. d6 $36 {[%mdl 2048] White has some pressure.} Qd1+ 34. Kg2 Qxd2+ 35. Kh3 Qe2 {[%cal Re2f1]} 36. dxe7 Qg4+ 37. Kg2 Qe2+ 38. Kh3 Qg4+ {Precision: White = 63%, Black = 88%.} 1/2-1/2

[Event "Lotto POL-ch 2018"]
[Site "Warsaw"]
[Date "2018.05.18"]
[Round "7"]
[White "Socko, Bartosz"]
[Black "Krasenkow, Michal"]
[Result "0-1"]
[WhiteElo "2593"]
[BlackElo "2628"]
[Annotator "TA"]
[PlyCount "108"]
[EventDate "2018.??.??"]
[EventType "tourn"]
[EventCountry "POL"]
[SourceTitle "playchess.com"]
[Source "ChessBase"]
[SourceQuality "1"]

{[%evp 19,108,16,12,0,8,8,10,7,10,9,5,-16,-6,-8,0,0,0,0,4,-14,20,-37,0,0,0,0,0,0,0,0,0,0,0,0,0,0,0,0,0,0,0,0,0,0,3,0,43,0,0,-71,-76,-98,-100,-135,-99,-121,-104,-104,-155,-130,-125,-170,-170,-129,-162,-154,-156,-150,-105,-120,-114,-1000,-964,-6083,-5601,-5097,-4301,-29982,-29983,-29983,-29984,-29985,-29986,-29986,-29987,-29988,-29989,-29989,-29990,-29990,-29991]} 1. d4 Nf6 2. c4 g6 3. Nf3 Bg7 4. g3 c6 5. Bg2 d5 6. Qb3 O-O 7. O-O dxc4 8. Qxc4 Bf5 9. Nc3 Nbd7 10. Bf4 {D78: Fianchetto Grünfeld: 6 0-0 c6} (10. Re1 Nb6 11. Qb3 Be6 12. Qd1 Nfd5 13. Ne4 Qc8 14. Neg5 Rd8 15. e4 Nc7 16. Bf4 Nb5 17. d5 cxd5 18. Rc1 {½-½ (79) Yu,Y (2751)-Grischuk,A (2772) Huaian 2017}) 10... Qb6 {LiveBook: 9 Games} 11. Na4 Qb5 $146 ({Predecessor:} 11... Qa5 12. Bd2 Nb6 13. Nxb6 Qxb6 14. Bc3 Ne4 15. e3 Rac8 16. Qb3 Qa6 17. Nd2 Nxc3 18. bxc3 {½-½ (62) Ionov,S (2527)-Sasikiran,K (2670) Cappelle-la-Grande 2006}) 12. Qxb5 {The position is equal.} cxb5 13. Nc3 b4 14. Nd1 Be4 15. Ne3 a5 16. Rac1 Rfc8 17. Ne5 {Strongly threatening Nxd7.} Bxg2 18. Kxg2 Nb6 19. Kf3 e6 20. Nd3 (20. Rfd1 $11) 20... Ne8 21. Nc2 Nc7 22. Bxc7 Rxc7 23. e3 Rac8 24. Na1 $1 Nc4 25. Ke2 e5 26. b3 Na3 {White must now prevent ...e4.} 27. Rxc7 Rxc7 28. Nxe5 Bxe5 29. dxe5 $11 {[%mdl 4096] Endgame KRN-KRN} Kf8 30. f4 Ke7 31. g4 Ke6 32. Rd1 b5 33. Rd6+ Ke7 34. Kd2 (34. Rd1 $11 {keeps the balance.}) 34... Nb1+ $17 {[%mdl 1024] Black has strong compensation.} 35. Kd3 Rc1 $1 36. e4 Nc3 $1 {Threatens to win with ...Rd1+.} 37. Nc2 Rd1+ $1 38. Ke3 Rxd6 39. exd6+ Kxd6 {KN-KN} 40. a3 bxa3 41. Nxa3 Kc5 42. Nc2 a4 43. bxa4 bxa4 44. e5 Nb5 45. Ke4 $2 {[%mdl 8192]} (45. Kd3 $17) 45... Kc4 $1 $19 {[%cal Rc4c3]} 46. f5 gxf5+ 47. gxf5 {[#]} Kc3 $1 {[%cal Rc3c2]} 48. e6 Kxc2 {KN-K3P. Black mates.} 49. Ke5 {[#]} f6+ $1 50. Kxf6 a3 {[%cal Ba4a3,Ba3a2][%mdl 32]} 51. e7 {[#]} Nc7 $1 52. Ke5 a2 53. Kd6 Ne8+ 54. Kd7 Nf6+ {Precision: White = 36%, Black = 78%.} 0-1

[Event "Lotto POL-ch 2018"]
[Site "Warsaw"]
[Date "2018.05.18"]
[Round "7"]
[White "Mista, Aleksander"]
[Black "Wojtaszek, Radoslaw"]
[Result "1-0"]
[WhiteElo "2590"]
[BlackElo "2750"]
[Annotator "TA"]
[PlyCount "87"]
[EventDate "2018.??.??"]
[EventType "tourn"]
[EventCountry "POL"]
[SourceTitle "playchess.com"]
[Source "ChessBase"]
[SourceQuality "1"]

{[%evp 41,87,12,32,32,30,0,0,-2,20,22,6,0,0,0,0,0,27,54,50,42,114,104,106,74,68,21,148,144,136,147,205,197,222,201,357,309,584,408,585,575,700,699,691,683,775,454,444,445]} 1. e4 e5 2. Nf3 Nc6 3. Bb5 a6 4. Ba4 Nf6 5. O-O Be7 6. Re1 b5 7. Bb3 d6 8. c3 O-O 9. h3 Re8 10. Ng5 Rf8 11. Nf3 Re8 12. d4 Bb7 13. Ng5 Rf8 14. Nf3 {[%cal Bg5f3,Bf3h2,Bh2g4][%mdl 32]} Re8 15. Nbd2 Bf8 16. a3 h6 17. d5 {C93: Closed Ruy Lopez: Smyslov Variation} (17. Bc2 Nb8 18. b3 Nbd7 19. Bb2 c5 20. d5 Bc8 21. a4 Rb8 22. axb5 axb5 23. Bd3 Nh5 24. Bf1 g6 25. Nh2 Ng7 26. Bd3 Nf6 {1-0 (49) Harikrishna,P (2744)-Ivanchuk,V (2726) Riadh 2017}) 17... Nb8 18. Nh2 Nbd7 19. Ng4 c6 20. dxc6 Bxc6 21. Qf3 Nc5 {LiveBook: 3 Games} 22. Ba2 Ra7 {[#]} 23. b4 $146 {Nxf6+ is the strong threat.} ({Predecessor:} 23. Nf1 Nxg4 24. hxg4 Rd7 {1-0 (81) Kosintseva,N (2576)-Shadrina,T (2384) Moscow 2010}) 23... Nxg4 24. hxg4 Na4 25. Nf1 Rd7 26. g5 hxg5 27. Qh5 d5 28. Bxg5 g6 29. Qg4 Be7 30. Bxe7 $1 Qxe7 {[#]} ({Black should try} 30... Rdxe7 $14 31. exd5 Bxd5) 31. Ne3 $1 $16 {[%cal Re4d5,Bf1e3,Be3g4,Bg4e5][%mdl 32]} Nb6 32. Rad1 {[%cal Re4d5]} Red8 33. exd5 Nxd5 {[#]} (33... Bxd5 $11 {remains equal.} 34. Nxd5 Nxd5) 34. Qe4 $1 {[%cal Ra2d5]} Qe6 35. Ng4 Ba8 (35... Rd6 $16) 36. Nxe5 $18 Rd6 37. Qh4 Qf5 $2 (37... Qf6 38. Qg3 Bb7) 38. Ng4 {Strongly threatening Nh6+.} Kg7 $2 (38... Qh5 39. Qg3 Kf8) 39. Qh6+ Kg8 40. Rd4 {aiming for Re5.White is clearly winning.} Qh5 {intending ...Qxh6.} 41. Bxd5 Bxd5 42. Qf4 Kg7 43. Re5 Qh4 44. Re3 {Precision: White = 67%, Black = 32%.} 1-0

[Event "Lotto POL-ch 2018"]
[Site "Warsaw"]
[Date "2018.05.18"]
[Round "7"]
[White "Tomczak, Jacek"]
[Black "Bartel, Mateusz"]
[Result "1-0"]
[WhiteElo "2589"]
[BlackElo "2604"]
[Annotator "TA"]
[PlyCount "87"]
[EventDate "2018.??.??"]
[EventType "tourn"]
[EventCountry "POL"]
[SourceTitle "playchess.com"]
[Source "ChessBase"]
[SourceQuality "1"]

{[%evp 11,87,0,0,0,0,-9,-6,-18,0,-14,0,-27,-28,-40,-40,-43,-38,-37,-30,-37,-45,-60,-35,-57,-7,-19,-22,-78,0,0,0,-6,31,31,32,33,29,33,32,6,87,92,118,116,115,107,94,93,81,89,89,69,73,53,53,61,107,107,107,107,107,114,118,119,120,113,256,247,256,254,232,218,302,287,394,379,752,744]} 1. e4 c6 2. d4 d5 3. e5 c5 4. dxc5 e6 5. a3 (5. Nf3 Bxc5 6. Bd3 Ne7 7. O-O Ng6 8. a3 O-O 9. Nbd2 Nc6 10. b4 Bb6 11. Bb2 Nf4 12. Nb3 a5 13. Qd2 Nxd3 14. cxd3 {½-½ (38) Vitiugov,N (2735)-Anand,V (2776) Karlsruhe/Baden-Baden 2018}) 5... Bxc5 6. b4 {B12: Caro-Kann (Vorstoß-Variante)} Be7 {LiveBook: 12 Partien} 7. c4 a5 $146 ({Vorgänger:} 7... Qc7 8. Bb2 dxc4 9. Qg4 g6 10. Qxc4 Qxc4 11. Bxc4 a5 12. b5 Nd7 {0-1 (42) Higatsberger,M (2121)-Dittmar,P (2294) Bregenz 2017}) 8. b5 {Die Stellung ist ausgeglichen.} Nd7 9. Bb2 Nh6 10. Nf3 O-O 11. Be2 dxc4 12. Nbd2 {[#]} c3 $1 {[%mdl 512]} 13. Bxc3 b6 14. O-O Bb7 15. Bb2 Rc8 16. Re1 Nc5 17. Nd4 Qc7 18. Bf1 Rfd8 {Weiss sollte ...Sf5 verhindern.} 19. Qc2 {[#]} (19. Nc4 $11 {bleibt in der Remisbreite.}) 19... Qb8 (19... Nf5 $1 $17 {[%mdl 512]} 20. N2f3 (20. Nxf5 exf5) 20... Bxf3 21. Nxf5 exf5 22. gxf3 g6) 20. Rad1 $11 Bd5 21. Nc4 Qb7 22. Bc1 Be4 23. Qc3 {Droht Lxh6 und aus.} Nf5 $1 24. Nxf5 Bxf5 25. Be3 Rd5 (25... Qb8 $11 {hält das Gleichgewicht.}) 26. Rxd5 $16 exd5 27. Nd6 Bxd6 28. exd6 Qd7 {Und ...Sd3 würde nun gewinnen.} ({Aber nicht} 28... Nd3 $2 29. Bxd3 Rxc3 30. Bxf5 $18) 29. Qe5 Be6 30. Bd4 {[%csl Gd4][%cal Re5g7]} f6 31. Qg3 Kf7 32. f3 Rd8 33. Rc1 Qxd6 34. Qxd6 Rxd6 35. Bxc5 bxc5 36. Rxc5 $14 {[%mdl 4096] Endspiel KTL-KTL} Ke7 37. Kf2 Kd8 38. Bd3 d4 (38... g6 $16 39. Ke2 d4) 39. Bxh7 $18 d3 40. Ke1 d2+ 41. Kd1 Rd4 42. Bc2 g5 43. b6 {[%cal Bb5b6,Bb6b7][%mdl 32]} Rd6 $2 (43... Bd5 44. Rxa5 g4 45. fxg4 Bxg2) 44. b7 {Precision: Weiß = 68%, Schwarz = 49%.} 1-0

[Event "Lotto POL-ch 2018"]
[Site "Warsaw"]
[Date "2018.05.19"]
[Round "8"]
[White "Piorun, Kacper"]
[Black "Duda, Jan-Krzysztof"]
[Result "0-1"]
[WhiteElo "2633"]
[BlackElo "2724"]
[Annotator "TA"]
[PlyCount "94"]
[EventDate "2018.??.??"]
[EventType "tourn"]
[EventCountry "POL"]
[SourceTitle "playchess.com"]
[Source "ChessBase"]
[SourceQuality "1"]

{[%evp 22,94,-4,0,25,25,16,15,25,0,0,0,0,0,4,0,0,0,0,0,0,-58,-58,-59,-84,-146,-146,-139,-138,-161,-171,-172,-172,-164,-175,-179,-176,-178,-178,-185,-177,-171,-167,-179,-186,-210,-220,-218,-218,-232,-232,-232,-232,-242,-239,-329,-317,-294,-295,-271,-230,-333,-277,-301,-281,-270,-253,-263,-262,-416,-422,-512,-503,-485,-415]} 1. e4 e5 2. Nf3 Nf6 3. Nc3 Nc6 4. d4 exd4 5. Nxd4 Bb4 6. Nxc6 bxc6 7. Bd3 O-O 8. O-O Re8 9. Qf3 d5 {C47: Scotch Four Knights and Four Knights with 4 g3} 10. exd5 cxd5 11. h3 c6 12. Bf4 {LiveBook: 111 Games} (12. Bg5 Bd6 13. Rfe1 Rxe1+ 14. Rxe1 Bd7 15. Bf4 Qb8 16. Bxd6 Qxd6 17. b3 c5 {½-½ (48) Morozevich,A (2665)-Kramnik,V (2800) Moscow 2018}) 12... Bxc3 13. bxc3 Ne4 14. Rfe1 {[%cal Rd3e4]} Qf6 15. c4 Bxh3 $146 ({Predecessor:} 15... Ba6 16. Rab1 g5 17. Be3 Qxf3 18. gxf3 {½-½ (40) Ni,H (2661)-Naroditsky,D (2486) Balaguer 2013}) 16. cxd5 cxd5 17. c4 Be6 18. Bxe4 dxe4 19. Qxe4 Rac8 20. Rac1 Bd7 21. Qb7 (21. Be5 $11 Qg5 22. Qe3 Qxe3 23. Rxe3) 21... Bc6 $15 22. Qa6 $1 h5 $40 {[%cal Bh7h5,Bh5h4,Bh4h3][%mdl 160] Black wants a kill.} 23. Bd2 ({White should try} 23. Rcd1) 23... Qg6 $1 $17 {[%csl Gc6][%cal Rg6g2]} 24. f3 h4 $1 {[%cal Rh4h3]} 25. Rxe8+ Rxe8 26. Re1 Rd8 $1 {[%cal Rd8d2]} 27. Qa5 {[#]} Rd6 $1 {Threatens to win with ...h3.} 28. Qg5 {[#]} h3 $1 {[%mdl 512]} 29. Qxg6 (29. gxh3 Qc2) 29... Rxg6 $19 {[%mdl 4096] Endgame KRB-KRB} 30. g4 Bxf3 31. g5 Ra6 32. Ra1 Ra3 33. Kh2 Bg4 34. c5 Rf3 35. Be1 Re3 {aiming for ...Re2+.} 36. Bf2 {[#]} Rc3 $1 37. a4 Kh7 38. Bd4 Rc4 39. Be3 Rc2+ 40. Kg3 Bd7 {And now ...Rg2+ would win.} 41. Bf2 (41. Rh1 {was necessary.}) 41... Kg6 42. Rd1 Rc3+ ({Don't do} 42... Bxa4 43. Rd6+ Kxg5 44. Rd2 $19) 43. Kh2 Be6 ({Resist} 43... Bxa4 44. Rd6+ Kxg5 45. Bd4 $19) 44. Rd2 Rc4 45. Be3 (45. c6 $142) 45... Rxa4 46. c6 Rc4 47. Bxa7 Kxg5 {Precision: White = 61%, Black = 88%.} 0-1

[Event "Lotto POL-ch 2018"]
[Site "Warsaw"]
[Date "2018.05.19"]
[Round "8"]
[White "Krasenkow, Michal"]
[Black "Wojtaszek, Radoslaw"]
[Result "0-1"]
[WhiteElo "2628"]
[BlackElo "2750"]
[Annotator "TA"]
[PlyCount "57"]
[EventDate "2018.??.??"]
[EventType "tourn"]
[EventCountry "POL"]
[SourceTitle "playchess.com"]
[Source "ChessBase"]
[SourceQuality "1"]

{[%evp 21,57,5,11,-24,-34,-32,-25,-29,0,-49,-51,-57,-47,-67,-71,-116,-112,-112,-106,-129,-129,-133,-144,-149,-152,-141,-141,-270,-301,-388,-384,-558,-558,-492,-513,-558,-417,-1641]} 1. d4 Nf6 2. c4 e6 3. Nc3 Bb4 4. Nf3 d5 5. e3 O-O 6. Bd2 b6 7. cxd5 exd5 8. Rc1 {E51: Nimzo-Indian: Rubinstein: 4...0-0 5 Nf3 d5} (8. Bd3 Bb7 9. O-O Nbd7 10. Ne5 Bd6 11. f4 c5 12. Be1 cxd4 13. exd4 Ne4 14. Nb5 Be7 15. Rc1 a6 16. Rc7 Nxe5 17. fxe5 Bc8 {0-1 (43) Esipenko,A (2564)-Yu,Y (2751) Riadh 2017}) 8... Bb7 9. Bd3 Be7 10. Ne5 c5 11. O-O Nc6 {LiveBook: 3 Games} 12. f4 cxd4 13. Nxc6 Bxc6 14. exd4 b5 $146 ({Predecessor:} 14... Ne4 15. Be3 Qd7 16. f5 {½-½ (42) Jakoby,H (1865)-Weigel,H (2041) Bad Woerishofen 1996}) 15. f5 Qb6 16. Ne2 b4 17. Bg5 h6 18. Bxf6 Bxf6 19. Kh1 Rac8 20. Nf4 Bb7 ({But not} 20... Qxd4 21. Ba6 $11) ({Much less strong is} 20... Bxd4 21. Qg4 $15) 21. Rxc8 Rxc8 22. Nh5 Qxd4 ({Stronger than} 22... Bxd4 {[#]} 23. f6 $1 $14 {[%mdl 512]}) 23. Nxf6+ Qxf6 24. Qb3 (24. Qd2 $17) 24... a5 $19 {[%cal Ba7a5,Ba5b4][%mdl 32]} 25. a3 d4 {[#] Strongly threatening ...Qg5.} 26. Rd1 (26. Be2 $142) 26... Qg5 {[%csl Gb7][%cal Rg5g2]} 27. Bf1 Rc1 28. axb4 axb4 29. Rxc1 {Precision: White = 25%, Black = 81%.} (29. f6 $142 Be4 30. Rxc1 Qxc1 31. Qc4 Qxc4 32. Bxc4) 0-1